{"text_format":"3","workbook":"xlsx","n_sheets":1,"sheets":["t12"],"read":"whole","date_system":"1900"}

{"sheet":"t12","index":0,"n_rows":191,"n_cols":7,"rows_kept":191,"merged":[[0,0,0,6],[30,0,30,5],[47,0,47,5],[155,0,155,5]]}
["TABELA 12.1 - Estatísticas Agrícolas, Município de Altinópolis, Estado de São Paulo, 2007/08."]
["ITEM","UNIDADE","N.DE UPAs","MÍNIMO","MÉDIO","MÁXIMO","TOTAL"]
["Distância à sede do município","km",543,0.3,{"v":15.31,"d":"15.3"},{"v":42,"d":"42.0"},"-"]
["Área total","hectare",543,0.7,{"v":161.14,"d":"161.1"},{"v":4733.1,"d":"4,733.1"},{"v":87501.1,"d":"87,501.1"}]
["Área com cultura perene","hectare",219,0.3,{"v":43.92,"d":"43.9"},496.9,{"v":9617.9,"d":"9,617.9"}]
["Área com cultura temporária","hectare",315,{"v":1,"d":"1.0"},{"v":92.66,"d":"92.7"},{"v":1142.8,"d":"1,142.8"},{"v":29188.9,"d":"29,188.9"}]
["Área com pastagem","hectare",332,0.4,{"v":36.72,"d":"36.7"},{"v":1033.1,"d":"1,033.1"},{"v":12192.6,"d":"12,192.6"}]
["Área com reflorestamento","hectare",39,0.7,{"v":378.48,"d":"378.5"},{"v":2370,"d":"2,370.0"},{"v":14760.9,"d":"14,760.9"}]
["Área com vegetação natural","hectare",454,0.4,{"v":40.91,"d":"40.9"},{"v":2008,"d":"2,008.0"},{"v":18574.9,"d":"18,574.9"}]
["Área com vegetação de brejo e várzea","hectare",16,0.5,{"v":28.49,"d":"28.5"},136.2,455.9]
["Área em descanso","hectare",11,{"v":1,"d":"1.0"},{"v":13.62,"d":"13.6"},38.8,149.8]
["Área complementar","hectare",464,0.1,{"v":5.52,"d":"5.5"},{"v":150,"d":"150.0"},{"v":2560.2,"d":"2,560.2"}]
["Área das UPAs com (0, 1] ha","hectare",1,0.7,0.7,0.7,0.7]
["Área das UPAs com (1, 2] ha","hectare",1,1.4,1.4,1.4,1.4]
["Área das UPAs com (2, 5] ha","hectare",9,2.4,{"v":3.68,"d":"3.7"},{"v":5,"d":"5.0"},33.1]
["Área das UPAs com (5, 10] ha","hectare",38,5.7,8.1,9.7,307.7]
["Área das UPAs com (10, 20] ha","hectare",44,10.8,{"v":15.22,"d":"15.2"},{"v":20,"d":"20.0"},669.7]
["Área das UPAs com (20, 50] ha","hectare",156,20.6,{"v":34.76,"d":"34.8"},49.6,{"v":5421.9,"d":"5,421.9"}]
["Área das UPAs com (50, 100] ha","hectare",106,50.7,{"v":74.85,"d":"74.9"},99.2,{"v":7933.9,"d":"7,933.9"}]
["Área das UPAs com (100, 200] ha","hectare",82,101.3,{"v":142.65,"d":"142.7"},198.5,{"v":11696.9,"d":"11,696.9"}]
["Área das UPAs com (200, 500] ha","hectare",75,202.6,302.1,496.1,{"v":22657.2,"d":"22,657.2"}]
["Área das UPAs com (500, 1.000] ha","hectare",16,{"v":537,"d":"537.0"},{"v":707.54,"d":"707.5"},902.8,{"v":11320.6,"d":"11,320.6"}]
["Área das UPAs com (1.000, 2.000] ha","hectare",11,{"v":1004.3,"d":"1,004.3"},{"v":1353.35,"d":"1,353.4"},{"v":1990,"d":"1,990.0"},{"v":14886.9,"d":"14,886.9"}]
["Área das UPAs com (2.000, 5.000] ha","hectare",4,{"v":2402,"d":"2,402.0"},{"v":3142.78,"d":"3,142.8"},{"v":4733.1,"d":"4,733.1"},{"v":12571.1,"d":"12,571.1"}]
["Área das UPAs com (5.000, 10.000] ha","hectare","-","-","-","-","-"]
["Área das UPAs acima de 10.000 ha","hectare","-","-","-","-","-"]
["Familiares do proprietário que trabalham na UPA","unidade",84,{"v":1,"d":"1.0"},{"v":1.81,"d":"1.8"},{"v":6,"d":"6.0"},{"v":152,"d":"152.0"}]
["Trabalhadores permanentes","unidade",275,{"v":1,"d":"1.0"},{"v":3.82,"d":"3.8"},{"v":46,"d":"46.0"},{"v":1050,"d":"1,050.0"}]
["Fonte: Secretaria de Agricultura e Abastecimento, CDRS/IEA, Projeto LUPA."]
[]
["TABELA 12.2 - Explorações Animais, Município de Altinópolis, Estado de São Paulo, 2007/08."]
["ITEM","UNIDADE","N.DE UPAs","MÍNIMO","MÉDIO","MÁXIMO","TOTAL"]
["Apicultura","colmeias",4,{"v":50,"d":"50.0"},237.5,{"v":600,"d":"600.0"},{"v":950,"d":"950.0"}]
["Asininos E Muares","cabeças",4,{"v":1,"d":"1.0"},{"v":2.25,"d":"2.3"},{"v":4,"d":"4.0"},{"v":9,"d":"9.0"}]
["Avestruzes e Ema (Criadouro)","cabeças",1,{"v":100,"d":"100.0"},{"v":100,"d":"100.0"},{"v":100,"d":"100.0"},{"v":100,"d":"100.0"}]
["Avicultura de Corte","cabeças/ano",1,{"v":500000,"d":"500,000.0"},{"v":500000,"d":"500,000.0"},{"v":500000,"d":"500,000.0"},{"v":500000,"d":"500,000.0"}]
["Avicultura para Ovos","cabeças",1,{"v":185000,"d":"185,000.0"},{"v":185000,"d":"185,000.0"},{"v":185000,"d":"185,000.0"},{"v":185000,"d":"185,000.0"}]
["Bovinocultura de Corte","cabeças",70,{"v":2,"d":"2.0"},{"v":88.37,"d":"88.4"},{"v":700,"d":"700.0"},{"v":6186,"d":"6,186.0"}]
["Bovinocultura Leiteira","cabeças",26,{"v":2,"d":"2.0"},{"v":46.38,"d":"46.4"},{"v":190,"d":"190.0"},{"v":1206,"d":"1,206.0"}]
["Bovinocultura Mista","cabeças",182,{"v":2,"d":"2.0"},39.9,{"v":484,"d":"484.0"},{"v":7262,"d":"7,262.0"}]
["Caprinocultura","cabeças",1,{"v":15,"d":"15.0"},{"v":15,"d":"15.0"},{"v":15,"d":"15.0"},{"v":15,"d":"15.0"}]
["Equinocultura","cabeças",180,{"v":1,"d":"1.0"},{"v":5.84,"d":"5.8"},{"v":130,"d":"130.0"},{"v":1051,"d":"1,051.0"}]
["Ovinocultura","cabeças",18,{"v":7,"d":"7.0"},{"v":58.83,"d":"58.8"},{"v":150,"d":"150.0"},{"v":1059,"d":"1,059.0"}]
["Piscicultura","m² tanques",3,{"v":500,"d":"500.0"},{"v":5566.67,"d":"5,566.7"},{"v":10200,"d":"10,200.0"},{"v":16700,"d":"16,700.0"}]
["Suinocultura","cabeças",1,{"v":20,"d":"20.0"},{"v":20,"d":"20.0"},{"v":20,"d":"20.0"},{"v":20,"d":"20.0"}]
["Fonte: Secretaria de Agricultura e Abastecimento, CDRS/IEA, Projeto LUPA."]
[]
["TABELA 12.3 -  Máquinas, Implementos e Benfeitorias, Município de Altinópolis, Estado de São Paulo, 2007/08."]
["ITEM","UNIDADE","N.DE UPAs","MÍNIMO","MÉDIO","MÁXIMO","TOTAL"]
["Arado Comum (Bacia, Aiveca)","Unidade",90,{"v":1,"d":"1.0"},{"v":1.26,"d":"1.3"},{"v":5,"d":"5.0"},{"v":113,"d":"113.0"}]
["Arado Subsolador","Unidade",36,{"v":1,"d":"1.0"},{"v":1.17,"d":"1.2"},{"v":2,"d":"2.0"},{"v":42,"d":"42.0"}]
["Batedeira de Cereais","Unidade",5,{"v":1,"d":"1.0"},{"v":1,"d":"1.0"},{"v":1,"d":"1.0"},{"v":5,"d":"5.0"}]
["Câmara Fria","Unidade",1,{"v":1,"d":"1.0"},{"v":1,"d":"1.0"},{"v":1,"d":"1.0"},{"v":1,"d":"1.0"}]
["Carregadeira de Cana","Unidade",8,{"v":1,"d":"1.0"},{"v":1.75,"d":"1.8"},{"v":3,"d":"3.0"},{"v":14,"d":"14.0"}]
["Colhedeira Acoplada","Unidade",10,{"v":1,"d":"1.0"},1.8,{"v":8,"d":"8.0"},{"v":18,"d":"18.0"}]
["Colhedeira Automotriz","Unidade",14,{"v":1,"d":"1.0"},{"v":1.14,"d":"1.1"},{"v":2,"d":"2.0"},{"v":16,"d":"16.0"}]
["Computador","Unidade",22,{"v":1,"d":"1.0"},{"v":1.82,"d":"1.8"},{"v":8,"d":"8.0"},{"v":40,"d":"40.0"}]
["Conj.Irrigação Autopropelido","Unidade",5,{"v":1,"d":"1.0"},{"v":1,"d":"1.0"},{"v":1,"d":"1.0"},{"v":5,"d":"5.0"}]
["Conj.Irrigação Convencional","Unidade",2,{"v":1,"d":"1.0"},{"v":1,"d":"1.0"},{"v":1,"d":"1.0"},{"v":2,"d":"2.0"}]
["Conj.Irrigação Pivot Central","Unidade",4,{"v":1,"d":"1.0"},{"v":1.25,"d":"1.3"},{"v":2,"d":"2.0"},{"v":5,"d":"5.0"}]
["Conj.Irrigação/Gotejamento/Microaspersão","Unidade",9,{"v":1,"d":"1.0"},{"v":1,"d":"1.0"},{"v":1,"d":"1.0"},{"v":9,"d":"9.0"}]
["Conjunto de Fenação","Unidade",3,{"v":1,"d":"1.0"},{"v":1,"d":"1.0"},{"v":1,"d":"1.0"},{"v":3,"d":"3.0"}]
["Desintegrador de Palha (Plantio Direto)","Unidade",10,{"v":1,"d":"1.0"},1.3,{"v":3,"d":"3.0"},{"v":13,"d":"13.0"}]
["Desintegrador, Picador, Triturador","Unidade",224,{"v":1,"d":"1.0"},{"v":1.08,"d":"1.1"},{"v":3,"d":"3.0"},{"v":242,"d":"242.0"}]
["Distribuidor de Calcário","Unidade",116,{"v":1,"d":"1.0"},{"v":1.32,"d":"1.3"},{"v":10,"d":"10.0"},{"v":153,"d":"153.0"}]
["Ensiladeira","Unidade",57,{"v":1,"d":"1.0"},{"v":1.23,"d":"1.2"},{"v":7,"d":"7.0"},{"v":70,"d":"70.0"}]
["Grade Aradora (Tipo Romi)","Unidade",54,{"v":1,"d":"1.0"},{"v":1.15,"d":"1.2"},{"v":4,"d":"4.0"},{"v":62,"d":"62.0"}]
["Grade Niveladora","Unidade",99,{"v":1,"d":"1.0"},{"v":1.06,"d":"1.1"},{"v":2,"d":"2.0"},{"v":105,"d":"105.0"}]
["Implementos para Tração Animal","Unidade",3,{"v":1,"d":"1.0"},{"v":1,"d":"1.0"},{"v":1,"d":"1.0"},{"v":3,"d":"3.0"}]
["Máquina de Classificar Olerícola","Unidade",1,{"v":1,"d":"1.0"},{"v":1,"d":"1.0"},{"v":1,"d":"1.0"},{"v":1,"d":"1.0"}]
["Misturador de Ração","Unidade",19,{"v":1,"d":"1.0"},{"v":1,"d":"1.0"},{"v":1,"d":"1.0"},{"v":19,"d":"19.0"}]
["Ordenhadeira Mecânica","Unidade",26,{"v":1,"d":"1.0"},{"v":1,"d":"1.0"},{"v":1,"d":"1.0"},{"v":26,"d":"26.0"}]
["Pulverizador Tratorizado","Unidade",166,{"v":1,"d":"1.0"},{"v":1.73,"d":"1.7"},{"v":13,"d":"13.0"},{"v":287,"d":"287.0"}]
["Resfriador de Leite, Tanque Expansão","Unidade",48,{"v":1,"d":"1.0"},{"v":1,"d":"1.0"},{"v":1,"d":"1.0"},{"v":48,"d":"48.0"}]
["Semeadeira/Adubadeira para Plantio Convencional","Unidade",45,{"v":1,"d":"1.0"},{"v":1.02,"d":"1.0"},{"v":2,"d":"2.0"},{"v":46,"d":"46.0"}]
["Semeadeira/Plantadeira Plantio Direto","Unidade",47,{"v":1,"d":"1.0"},{"v":1.09,"d":"1.1"},{"v":2,"d":"2.0"},{"v":51,"d":"51.0"}]
["Terraceador","Unidade",3,{"v":1,"d":"1.0"},{"v":1,"d":"1.0"},{"v":1,"d":"1.0"},{"v":3,"d":"3.0"}]
["Trator de Esteiras","Unidade",5,{"v":1,"d":"1.0"},1.2,{"v":2,"d":"2.0"},{"v":6,"d":"6.0"}]
["Trator de Pneus","Unidade",260,{"v":1,"d":"1.0"},{"v":2.53,"d":"2.5"},{"v":24,"d":"24.0"},{"v":657,"d":"657.0"}]
["Açude/Represa","Unidade",199,{"v":1,"d":"1.0"},{"v":1.71,"d":"1.7"},{"v":18,"d":"18.0"},{"v":341,"d":"341.0"}]
["Alambique","Unidade",2,{"v":1,"d":"1.0"},{"v":1,"d":"1.0"},{"v":1,"d":"1.0"},{"v":2,"d":"2.0"}]
["Almoxarifado/Oficina","Unidade",43,{"v":1,"d":"1.0"},{"v":1,"d":"1.0"},{"v":1,"d":"1.0"},{"v":43,"d":"43.0"}]
["Armazém para Grãos Ensacados","Sacas",135,{"v":1,"d":"1.0"},{"v":105.41,"d":"105.4"},{"v":10000,"d":"10,000.0"},{"v":14231,"d":"14,231.0"}]
["Balança para Bovinos","Unidade",22,{"v":1,"d":"1.0"},{"v":1,"d":"1.0"},{"v":1,"d":"1.0"},{"v":22,"d":"22.0"}]
["Barracão para Cultivo de Cogumelo","Unidade",1,{"v":1,"d":"1.0"},{"v":1,"d":"1.0"},{"v":1,"d":"1.0"},{"v":1,"d":"1.0"}]
["Barracão para Granja/Avicultura","Unidade",12,{"v":1,"d":"1.0"},{"v":3.17,"d":"3.2"},{"v":20,"d":"20.0"},{"v":38,"d":"38.0"}]
["Barracão/Galpão/Garagem","Unidade",258,{"v":1,"d":"1.0"},{"v":1.07,"d":"1.1"},{"v":4,"d":"4.0"},{"v":275,"d":"275.0"}]
["Casa de Moradia Habitada","Unidade",364,{"v":1,"d":"1.0"},1.8,{"v":17,"d":"17.0"},{"v":655,"d":"655.0"}]
["Casa de Moradia Total","Unidade",415,{"v":1,"d":"1.0"},{"v":2.68,"d":"2.7"},{"v":22,"d":"22.0"},{"v":1114,"d":"1,114.0"}]
["Curral/Mangueira","Unidade",281,{"v":1,"d":"1.0"},{"v":1.05,"d":"1.1"},{"v":3,"d":"3.0"},{"v":294,"d":"294.0"}]
["Depósito/Tulha","Unidade",100,{"v":1,"d":"1.0"},{"v":1.26,"d":"1.3"},{"v":6,"d":"6.0"},{"v":126,"d":"126.0"}]
["Estábulo","Unidade",44,{"v":1,"d":"1.0"},{"v":1,"d":"1.0"},{"v":1,"d":"1.0"},{"v":44,"d":"44.0"}]
["Estufa/Plasticultura","m²",1,{"v":4,"d":"4.0"},{"v":4,"d":"4.0"},{"v":4,"d":"4.0"},{"v":4,"d":"4.0"}]
["Fábrica de Ração","Unidade",6,{"v":1,"d":"1.0"},{"v":1,"d":"1.0"},{"v":1,"d":"1.0"},{"v":6,"d":"6.0"}]
["Instalações para Equinos","Unidade",16,{"v":1,"d":"1.0"},{"v":4.38,"d":"4.4"},{"v":20,"d":"20.0"},{"v":70,"d":"70.0"}]
["Máquina de Benefício","Unidade",63,{"v":1,"d":"1.0"},{"v":1.03,"d":"1.0"},{"v":2,"d":"2.0"},{"v":65,"d":"65.0"}]
["Olaria","Unidade",2,{"v":1,"d":"1.0"},{"v":1,"d":"1.0"},{"v":1,"d":"1.0"},{"v":2,"d":"2.0"}]
["Pocilga","Unidade",36,{"v":1,"d":"1.0"},{"v":1.39,"d":"1.4"},{"v":6,"d":"6.0"},{"v":50,"d":"50.0"}]
["Poço Semi-Artesiano","Unidade",39,{"v":1,"d":"1.0"},{"v":1.03,"d":"1.0"},{"v":2,"d":"2.0"},{"v":40,"d":"40.0"}]
["Posto Meteorológico","Unidade",1,{"v":1,"d":"1.0"},{"v":1,"d":"1.0"},{"v":1,"d":"1.0"},{"v":1,"d":"1.0"}]
["Secador de Grãos","Unidade",71,{"v":1,"d":"1.0"},{"v":1.38,"d":"1.4"},{"v":4,"d":"4.0"},{"v":98,"d":"98.0"}]
["Silo para Grãos","t",1,{"v":2,"d":"2.0"},{"v":2,"d":"2.0"},{"v":2,"d":"2.0"},{"v":2,"d":"2.0"}]
["Silo para Silagem","t",29,{"v":1,"d":"1.0"},{"v":530.48,"d":"530.5"},{"v":10000,"d":"10,000.0"},{"v":15384,"d":"15,384.0"}]
["Terreiro","m²",167,{"v":1,"d":"1.0"},{"v":2524.51,"d":"2,524.5"},{"v":30000,"d":"30,000.0"},{"v":421594,"d":"421,594.0"}]
["Fonte: Secretaria de Agricultura e Abastecimento, CDRS/IEA, Projeto LUPA."]
[]
["TABELA 12.4 - Outras Estatísticas Agrícolas, Município de Altinópolis, Estado de São Paulo, 2007/08."]
["ITEM","Número de UPAs",null,"Percentual"]
["Faz Parte de Associação de Produtores",24,null,{"v":4.41988950276243,"d":"4.4"}]
["Faz Parte de Cooperativa de Produtores",305,null,{"v":56.16942909760589,"d":"56.2"}]
["Faz Parte do Sindicato de Produtores",116,null,{"v":21.36279926335175,"d":"21.4"}]
["Não utiliza assistência técnica ",188,null,{"v":34.622467771639045,"d":"34.6"}]
["Utiliza somente assistência técnica governamental ",16,null,{"v":2.9465930018416207,"d":"2.9"}]
["Utiliza somente assistência técnica privada ",335,null,{"v":61.69429097605893,"d":"61.7"}]
["Utiliza assistência técnica tanto governamental quanto privada",4,null,{"v":0.7366482504604052,"d":"0.7"}]
["Utiliza Crédito Rural",126,null,{"v":23.204419889502763,"d":"23.2"}]
["Utiliza Seguro Rural",81,null,{"v":14.917127071823204,"d":"14.9"}]
["Utiliza Escrituração Agrícola",377,null,{"v":69.42909760589319,"d":"69.4"}]
["Acessa Internet p/ Fins na Agropecuária",70,null,{"v":12.891344383057088,"d":"12.9"}]
["Utiliza Computador nas Atividades Agropecuárias",84,null,{"v":15.469613259668506,"d":"15.5"}]
["Utiliza Energia Elétrica Para Uso na Atividade Agrícola",376,null,{"v":69.24493554327809,"d":"69.2"}]
["Realiza Análise de Solo, quando necessário",335,null,{"v":61.69429097605893,"d":"61.7"}]
["Utiliza Práticas de Conservação de Solo, quando necessário",323,null,{"v":59.484346224677715,"d":"59.5"}]
["Faz Adubação Mineral, quando necessário",332,null,{"v":61.14180478821363,"d":"61.1"}]
["Faz Adubação Orgânica, quando necessário",260,null,{"v":47.882136279926335,"d":"47.9"}]
["Faz Adubação Verde, quando necessário",35,null,{"v":6.445672191528546,"d":"6.4"}]
["Utiliza Manejo Integrado de Pragas (MIP)",239,null,{"v":44.0147329650092,"d":"44.0"}]
["Utiliza Hidroponia","-",null,"-"]
["Utiliza Plasticultura",2,null,{"v":0.3683241252302026,"d":"0.4"}]
["Utiliza Mudas Fiscalizadas",274,null,{"v":50.46040515653775,"d":"50.5"}]
["Utiliza Semente Melhorada",83,null,{"v":15.285451197053408,"d":"15.3"}]
["Faz Confinamento de Bovinos",12,null,{"v":2.2099447513812156,"d":"2.2"}]
["Utiliza Pastejo Intensivo",208,null,{"v":38.30570902394107,"d":"38.3"}]
["Faz Inseminação Artificial",12,null,{"v":2.2099447513812156,"d":"2.2"}]
["Faz Mineralização do Rebanho",233,null,{"v":42.9097605893186,"d":"42.9"}]
["Faz Vermifugação do Rebanho",233,null,{"v":42.9097605893186,"d":"42.9"}]
["Possui Parceiros /Arrendatários na Exploração Animal",36,null,{"v":6.629834254143647,"d":"6.6"}]
["Esporte e lazer","-",null,"-"]
["Extração mineral","-",null,"-"]
["Hotel Fazenda, Pousada ou SPA",5,null,{"v":0.9208103130755064,"d":"0.9"}]
["Pesque-pague",2,null,{"v":0.3683241252302026,"d":"0.4"}]
["Restaurante ou Lanchonete",1,null,{"v":0.1841620626151013,"d":"0.2"}]
["Transformação artesanal","-",null,"-"]
["Turismo rural ou ecoturismo",1,null,{"v":0.1841620626151013,"d":"0.2"}]
["Outras atividades econômicas rurais",1,null,{"v":0.1841620626151013,"d":"0.2"}]
["Agroindústria",1,null,{"v":0.1841620626151013,"d":"0.2"}]
["Proprietário sem instrução ou com instrução incompleta",6,null,{"v":1.1049723756906078,"d":"1.1"}]
["Proprietário com antigo primário completo",154,null,{"v":28.360957642725598,"d":"28.4"}]
["Proprietário com 1° grau (ou antigo ginasial) completo",35,null,{"v":6.445672191528546,"d":"6.4"}]
["Proprietário com 2° grau (ou antigo colegial) completo",95,null,{"v":17.495395948434624,"d":"17.5"}]
["Proprietário com curso superior completo ",232,null,{"v":42.7255985267035,"d":"42.7"}]
["Pessoa Jurídica",21,null,{"v":3.867403314917127,"d":"3.9"}]
["Proprietário residente na própria UPA ",64,null,{"v":11.786372007366483,"d":"11.8"}]
["Fonte: Secretaria de Agricultura e Abastecimento, CDRS/IEA, Projeto LUPA."]
[]
["TABELA 12.5 - Área Cultivada, Município de Altinópolis, Estado de São Paulo, 2007/08."]
["CULTURA","N.DE UPAs","MÍNIMO","MÉDIO","MÁXIMO","TOTAL"]
["Cana-de-acucar",231,{"v":1,"d":"1.0"},{"v":115.36,"d":"115.4"},{"v":1142.8,"d":"1,142.8"},{"v":26647.4,"d":"26,647.4"}]
["Eucalipto",39,0.7,{"v":378.48,"d":"378.5"},{"v":2370,"d":"2,370.0"},{"v":14760.9,"d":"14,760.9"}]
["Braquiaria",331,0.4,{"v":36.56,"d":"36.6"},{"v":1033.1,"d":"1,033.1"},{"v":12102.1,"d":"12,102.1"}]
["Cafe",189,0.4,{"v":38.01,"d":"38.0"},{"v":400,"d":"400.0"},{"v":7184.7,"d":"7,184.7"}]
["Milho",75,1.2,{"v":25.89,"d":"25.9"},222.8,{"v":1941.9,"d":"1,941.9"}]
["Laranja",17,0.3,{"v":112.71,"d":"112.7"},391.9,{"v":1916.1,"d":"1,916.1"}]
["Soja",11,6.5,{"v":29.85,"d":"29.9"},70.2,328.3]
["Abacate",10,2.4,{"v":25.63,"d":"25.6"},58.5,256.3]
["Laranja-azeda",1,{"v":105,"d":"105.0"},{"v":105,"d":"105.0"},{"v":105,"d":"105.0"},{"v":105,"d":"105.0"}]
["Amendoim",5,{"v":8,"d":"8.0"},14.7,{"v":18,"d":"18.0"},73.5]
["Cebola",1,{"v":70,"d":"70.0"},{"v":70,"d":"70.0"},{"v":70,"d":"70.0"},{"v":70,"d":"70.0"}]
["Manga",3,{"v":6,"d":"6.0"},{"v":22.53,"d":"22.5"},{"v":50,"d":"50.0"},67.6]
["Milho-silagem",7,4.6,{"v":8.13,"d":"8.1"},14.7,56.9]
["Gramas",3,0.6,15.2,{"v":40,"d":"40.0"},45.6]
["Coloniao",3,2.3,11.7,25.9,35.1]
["Maracuja",7,0.7,{"v":4.77,"d":"4.8"},10.4,33.4]
["Seringueira",2,{"v":1,"d":"1.0"},12.6,24.2,25.2]
["Crotalaria",1,25.2,25.2,25.2,25.2]
["Limao",2,{"v":5,"d":"5.0"},10.2,15.4,20.4]
["Sorgo",1,18.6,18.6,18.6,18.6]
["Lima",1,{"v":18,"d":"18.0"},{"v":18,"d":"18.0"},{"v":18,"d":"18.0"},{"v":18,"d":"18.0"}]
["Tangerina",1,12.3,12.3,12.3,12.3]
["Floricultura para vaso",1,{"v":10,"d":"10.0"},{"v":10,"d":"10.0"},{"v":10,"d":"10.0"},{"v":10,"d":"10.0"}]
["Capim-jaragua",2,{"v":2,"d":"2.0"},2.9,3.8,5.8]
["Capim-gordura",1,{"v":4,"d":"4.0"},{"v":4,"d":"4.0"},{"v":4,"d":"4.0"},{"v":4,"d":"4.0"}]
["Macadamia (ou noz-macadamia)",1,1.8,1.8,1.8,1.8]
["Alface",1,0.5,0.5,0.5,0.5]
["Abobora (ou jerimum)",1,0.5,0.5,0.5,0.5]
["Viveiro de cafe",1,0.5,0.5,0.5,0.5]
["Feijao-vagem (ou vagem, ou feijao-verde)",1,0.3,0.3,0.3,0.3]
["Quiabo",1,0.3,0.3,0.3,0.3]
["Repolho",1,0.2,0.2,0.2,0.2]
["Jilo",1,0.2,0.2,0.2,0.2]
["Fonte: Secretaria de Agricultura e Abastecimento, CDRS/IEA, Projeto LUPA."]